Manual de inspección de puentes
Gespeichert in:
| 1. Verfasser: | |
|---|---|
| Format: | Buch |
| Sprache: | Spanish |
| Veröffentlicht: |
San José, Costa Rica : Ministerio de Obras Públicas y Transportes . Dirección General de Planificación., Departamento de Estudios básicos
1972.
|
| Schlagworte: | |
| Tags: |
Tag hinzufügen
Keine Tags, Fügen Sie den ersten Tag hinzu!
|
MARC
| LEADER | 00000nam a2200000Ia 4500 | ||
|---|---|---|---|
| 003 | 001928 | ||
| 005 | 20221231143947.0 | ||
| 008 | 140114s1972 cr a 000 ||spa d | ||
| 040 | |c cru CEDI | ||
| 082 | |a 624.25 G192i | ||
| 100 | |a Gamboa Asch, Federico |9 16617 | ||
| 245 | |a Manual de inspección de puentes | ||
| 260 | |a San José, Costa Rica : Ministerio de Obras Públicas y Transportes . Dirección General de Planificación., Departamento de Estudios básicos |c 1972. | ||
| 300 | |a 119 páginas : ilustraciones | ||
| 500 | |a Reproducción de la Tesis presentada por el autor Ing. Federico Gamboa Asch (ingeneiro civil)--Universidad de Costa Rica, 1972. | ||
| 650 | |x PUENTES |x COSTA RICA |9 16618 | ||
| 942 | |2 ddc |c BK | ||
| 999 | |c 14822 |d 14822 | ||
